| 000 | 00313nam a2200109 4500 | ||
|---|---|---|---|
| 008 | 160623b xxu||||| |||| 00| 0 eng d | ||
| 100 |
_9792 _a Marx, M.H |
||
| 245 | _aSystems & Theories in Psychology | ||
| 260 |
_aN.Y _b McGraw Hill Book.Com.Inc. _c1979 |
||
| 300 | _aSystems & Theories in Psychology | ||
| 942 |
_2ddc _cBK |
||
| 999 |
_c635 _d635 |
||